| 000 | 00385cam a22001217a 4500 | ||
|---|---|---|---|
| 008 | 180718b1971 xxu||||| |||| 00| 0 eng d | ||
| 082 | _aA81x54 In2/61/1/MS/10 | ||
| 100 | _aCensus of India 1961 | ||
| 245 | _aThe sex ratio of the population of India | ||
| 260 |
_aDelhi _bThe Manager of Publications _c1971 |
||
| 300 | _a83+p. | ||
| 440 | _aCensus of India 1961. Volume 1. Monograph No. 10 | ||
| 999 |
_c483862 _d483862 |
||